Rising Waves/ (Record no. 186186)

MARC details
000 -LEADER
fixed length control field 00530nam a22001817a 4500
005 - DATE AND TIME OF LATEST TRANSACTION
control field 20220216110126.0
010 ## - LCCN (DPL NO)
LC control number ENG-131617
020 ## - INTERNATIONAL STANDARD BOOK NUMBER
International Standard Book Number 9788194738688
Terms of availability 270.00
035 ## - SYSTEM CONTROL NUMBER
System control number EN-115149
037 ## - SOURCE OF ACQUISITION
Source of stock number/acquisition DBAD
082 ## - DEWEY DECIMAL CLASSIFICATION NUMBER
Classification number 881
100 ## - MAIN ENTRY--PERSONAL NAME
Personal name Grewal, Jasmine
245 ## - TITLE STATEMENT
Title Rising Waves/
Statement of responsibility, etc Jasmine Grewal
260 ## - PUBLICATION, DISTRIBUTION, ETC. (IMPRINT)
Place of publication, distribution, etc Gurugram
Name of publisher, distributor, etc The Poetry Society of India
Date of publication, distribution, etc 2020
270 ## - ADDRESS
Address H-23/16, DLF Phase-I
City Gurugram
Postal code 122002
Electronic mail address thepoertysoindia@gmail.com
300 ## - PHYSICAL DESCRIPTION
Extent iv, 52p.
Dimensions 21cm(pbk)
942 ## - ADDED ENTRY ELEMENTS (KOHA)
Source of classification or shelving scheme Dewey Decimal Classification
Item type English Books
Classification part 881
Call number suffix GRE
Holdings
Withdrawn status Lost status Not for loan Collection code Home library Current library Date acquired Source of acquisition Cost, normal purchase price Full call number Barcode Copy number Cost, replacement price Koha item type
      Non-fiction Bawana Bawana 16/02/2022 DBAD/PUB 270.00 881 GRE EN-115149 1 270.00 English Books

© Delhi Public Library
Hit Counter
free hit counter